| 000 | 00673nam a2200229Ia 4500 | ||
|---|---|---|---|
| 003 | IIN | ||
| 005 | 20251112124451.0 | ||
| 008 | 250412s9999 xx ad 001 0 eng d | ||
| 020 |
_cRs.495.00 _a9789354660634 |
||
| 040 |
_aIIN _bEnglish |
||
| 082 |
_a610.28 _bSHE |
||
| 245 | 1 |
_aManipal Manual of Instruments / _cedited by Rajgopal Shenoy K. and Anitha Nileshwar |
|
| 250 | _a2nd ed | ||
| 260 |
_bCBS _aNew Delhi _c2018 |
||
| 300 |
_axii, 306 p. _bcol. ill. |
||
| 500 | _aIncludes Index | ||
| 650 | 1 |
_aMedical Surgical _vInstruments |
|
| 650 | 1 |
_aInstruments of _vManual |
|
| 700 | 1 | _aShenoy, Rajgopal K. (ed.) | |
| 700 | 1 | _aNileshwar, Anitha (ed.) | |
| 942 | _cBOOK | ||
| 999 |
_c1750 _d1750 |
||